01208nas a2200277Ia 4500001002800000003001000028008004100038040002500079041001300104100001700117210003100134222003100165245013200196250001100328260000900339501012300348300001600471362003200487500012800519650002500647700001100672942000700683957000600690999003300696952020100729A50/R101-17721 [r000016047]IT-MiCISF161014c99999999xx |||||||||||| ||und|| aIT-MiCISFcIT-MiCISF aITALIANO aLevi Rosanna aRivista di teologia morale aRivista di teologia morale 0aSessualità€-matrimonio-famiglia. Il documento del Sinodo tedesco-occidentale su "Matrimonio e famiglia vissuti cristianamente" a1a ed. c1978 bCISF - Centro Internazionale Studi Famiglia - Via Giotto, 36 20145 MILANO (non commercial uses only)cCopyright 2016 app. 249-273 an. 38, aprile-giugno [1978] a Tema: pastorale-familiare, sessualità€, preparazione-al-matrimonio, matrimonio-sacramento, pastorale-situazioni-difficili amatrimoniovarticolo aAA.VV. cCR 71 a17721bSig1c239657d239657 0010406A_50_000000000000000_R10117721_R00001604771aCISFbCISFd2016-10-14l0oA50/R101-17721 [r000016047]r2016-10-14 00:00:00w2016-10-14yCRzData import 15.10.2016 / by Epidotti, Vaglietti